000 00707nam a22001937a 4500
005 20251108165003.0
008 250721s2008 xx 000 0 ara d
082 1 4 _aط/811.5/طيب
100 1 _aبن الحسن, أحمد بن الحسين
245 1 0 _aديوان أبو الطيب المتنبي :
_bمع السيرة والاقوال و النوادر /
264 1 _aبيروت :
_bدار الراتب الجامعية،
_c2008.
490 0 _aموسوعة مملكة الشعراء
650 1 7 _aالشعر العربي
650 1 7 _aالعصر العباسي
653 _aناشاون كبار (15-18) سنه
700 1 _aعبد الرحيم, محمد
942 _2ddc
_cBK
999 _c19190
_d19190